Statistics for Generator Puzzle #8

Click here to take the quiz!

General Stats

  • This quiz has been taken 6,403 times
  • The average score is 12 of 21

Answer Stats

Hint Answer % Correct
CalamariSquid
92%
Japanese wrestlingSumo
90%
Mickey or Jerry, e.g.Mouse
89%
Muslim place of worshipMosque
86%
Rise and fall of the seaTide
83%
Element (symbol Na)Sodium
81%
ExteriorOutside
80%
Stalk of a plantStem
72%
£1 (British slang)Quid
71%
Artist's workspaceStudio
70%
_____ operandiModus
66%
Rounded roofDome
63%
Long search, huntQuest
60%
Common Japanese soupMiso
56%
To strike in the manner of
an angry god
Smite
47%
Horse, zebra, etc...Equid
31%
Humble, unpretentiousModest
21%
Belief in a supreme beingDeism
19%
Dull, monotonousTedious
19%
9-Letter WordMISQUOTED
10%
TariffsDuties
8%

Score Distribution

Percentile by Number Answered

Percent of People with Each Score

Your Score History

You have not taken this quiz